000 008020000a22001210004500
773 0 _tPerfiles: revista de la comunidad académica UDES
100 1 _aPérez L., Mario Iván
245 1 0 _aLos trabajadores y las formas de organización del trabajo en la provincia de Soto, durante la segunda mitad del siglo XIX.
300 _aVol.0, núm.2 ( , 2005), Páginas 94-105
520 _aLa sociedad santandereana de la segunda mitad del siglo XIX es una colectividad poco estudiada. En el presente artículo se pretende hacer una aproximación al perfil del hombre y la mujer santandereanos, explorando su cotidianidad, las formas de organización del trabajo y las relaciones de producción que se desprenden entre el trabajador y la tierra.
650 1 4 _aSANTANDER-PROVINCIA DE SOTO-HISTORIA
942 _cANA
999 _c62579
_d62579